Aconteceu em Conímbriga (Registo nº 3906)
[ vista simples ]
| 000 -Etiqueta do registo | |
|---|---|
| Cabeçalho | 00482cam a2200181 i 4500 |
| 005 - Identificador da versão | |
| Campo de controlo | 20240813122048.0 |
| 100 ## - Dados gerais de processamento | |
| Dados gerais de processamento | 20101025d1973 d y0pory5003 ba |
| 102 ## - Pais de publicação ou produção | |
| País de publicação | Portugal |
| 101 0# - Língua de publicação | |
| Língua do texto, banda sonora, etc. | Português |
| 215 ## - Descrição física | |
| Indicação específica da natureza do documento e extensão da espécie | 162 p. : il., p&b |
| 200 1# - Titulo e menção de responsabilidade | |
| Título próprio | Aconteceu em Conímbriga |
| Primeira menção de responsabilidade | Margarida Castel-Branco |
| 225 1# - Colecção | |
| Título próprio da colecção | Biblioteca da juventude. H, Viagens |
| Indicação de volume | 5 |
| 210 ## - Publicação, Distribuição, etc. | |
| Lugar da edição, distribuição, etc. | Lisboa |
| Nome do editor, distribuidor, etc. | Editorial Verbo |
| Data da publicação, distribuição, etc. | 1973 |
| 700 #1 - Nome de autor-pessoa física (responsabilidade principal) | |
| Número de registo de entrada de autoridade | 0000155 |
| Palavra de ordem | Castel-Branco |
| Outra parte do nome não tomada para palavra de ordem | Margarida |
| 942 ## - Elementos de entrada adicionados (Koha) | |
| Tipo de item no Koha | Livro |
| Situação do levantamento | Origin of item (home branch) (coded) | Biblioteca de empréstimo | Código de barras | Cota | Circulation type (not for loan) | Tipo de documento | Nota do exemplar | Damaged status |
|---|---|---|---|---|---|---|---|---|
| Biblioteca Escolar das Vendas | Biblioteca Escolar das Vendas | BEV250 | 8POR CAS | Livro | Sem mensagem |
